Biggest Cities in Albania A-Z - Statistics

General Stats
  • This quiz has been taken 10 times
  • The average score is 7 of 26
Answer Stats
Letter Population City % Correct
T 618,176 Tiranë
100%
D 202,920 Durrës
90%
V 130,827 Vlorë
80%
E 141,714 Elbasan
70%
F 120,655 Fier
70%
G 23,270 Gjirokastër
60%
S 135,612 Shkodër
60%
B 62,232 Berat
50%
W N/A N/A
20%
Y N/A N/A
20%
C 25,163 Cërrik
10%
H 3,959 Himarë
10%
L 63,135 Lushnjë
10%
M 41,757 Maliq
10%
P 61,619 Peshkopi
10%
A 2,417 Arapaj
0%
I 2,263 Ishull-Lezhë
0%
J 1,910 Juban
0%
K 104,190 Kamëz
0%
N 2,082 Nartë
0%
O 6,427 Orikum
0%
Q 3,386 Qukës Shkumbin
0%
R 22,103 Rrëshen
0%
U 5,094 Uznova
0%
X 11,260 Xhafzotaj
0%
Z 4,121 Zejmen
0%
No matching quizzes found
Score Distribution
Percent of People with Each Score
Percentile by Number Answered
Your Score History
You have not taken this quiz